[Event "55th World U20 ch"]
[Site "Bhubaneswar IND"]
[Date "2016.08.14"]
[Round "7.30"]
[White "Squella Lavin, Carlos Felipe"]
[Black "Lokander, Martin"]
[Result "0-1"]
[WhiteElo "2203"]
[BlackElo "2365"]
[EventDate "2016.08.08"]
[PlyCount "56"]

1.d4 d5 2.Nf3 Nf6 3.Bf4 e6 4.e3 c5 5.Nbd2 Nc6 6.c3 Bd6 7.Ne5 Bxe5 8.dxe5 
Nd7 9.Qg4 g6 10.Nf3 Qc7 11.Qh4 b6 12.Rd1 Bb7 13.e4 dxe4 14.Nd2 Ne7 15.Bb5 
Nf5 16.Qf6 O-O 17.Bxd7 Qxd7 18.Nxe4 Qa4 19.b4 Bxe4 20.f3 Bxf3 21.gxf3 cxb4
22.c4 Qxa2 23.O-O Qxc4 24.Bg5 b3 25.Rd2 h6 26.h4 Ng3 27.Bxh6 Qxf1+ 28.Kh2 
Nh5 0-1

[Event "55th World U20 ch"]
[Site "Bhubaneswar IND"]
[Date "2016.08.14"]
[Round "7.31"]
[White "Rydstrom, Tom"]
[Black "Subramaniam, Shreyes"]
[Result "1-0"]
[WhiteElo "2315"]
[BlackElo "1863"]
[EventDate "2016.08.08"]
[PlyCount "67"]

1.e4 c5 2.Nf3 d6 3.d4 cxd4 4.Nxd4 Nf6 5.Nc3 a6 6.Bg5 e6 7.f4 Be7 8.Qe2 Qc7
9.O-O-O Nbd7 10.g4 b5 11.a3 Bb7 12.Bg2 h6 13.Bxf6 gxf6 14.h4 Qc4 15.Qe1 b4
16.Bf1 Qc5 17.Na4 Qa5 18.b3 d5 19.Bg2 Qc7 20.exd5 Qxf4+ 21.Kb1 e5 22.Nf5 
Bf8 23.Rd4 Qxd4 24.Nxd4 bxa3 25.g5 hxg5 26.hxg5 Rxh1 27.Bxh1 fxg5 28.Nc6 
f6 29.Bf3 Bd6 30.Qh1 Bxc6 31.dxc6 Nf8 32.Qh5+ Ke7 33.c7 Rc8 34.Nb6 1-0

[Event "55th World U20 ch"]
[Site "Bhubaneswar IND"]
[Date "2016.08.14"]
[Round "7.32"]
[White "Thogersen, Rasmus"]
[Black "Karthik, Venkataraman"]
[Result "1/2-1/2"]
[WhiteElo "2171"]
[BlackElo "2305"]
[EventDate "2016.08.08"]
[PlyCount "92"]

1.e4 b6 2.d4 Bb7 3.Bd3 e6 4.Nf3 c5 5.c3 Nf6 6.Qe2 Be7 7.O-O Nc6 8.e5 Nd5 
9.dxc5 bxc5 10.Be4 Qc7 11.Na3 a6 12.Rd1 Nb6 13.g3 Rc8 14.Nd2 Na5 15.Bxb7 
Qxb7 16.Ne4 h6 17.b3 Nc6 18.Nd2 Na5 19.Ne4 Nc6 20.f4 h5 21.h3 Kf8 22.Nc4 
Nxc4 23.bxc4 g6 24.Ba3 Kg7 25.Bxc5 Bxc5+ 26.Nxc5 Qb6 27.Qf2 Nxe5 28.fxe5 
Qxc5 29.Rxd7 Qxf2+ 30.Kxf2 Rxc4 31.Rc1 Rhc8 32.Rd3 R8c5 33.Re3 g5 34.Rc2 
Kg6 35.Ke2 Rd5 36.Rd2 Ra4 37.Rxd5 exd5 38.e6 fxe6 39.Rxe6+ Kf5 40.Rh6 
Rxa2+ 41.Ke3 Rg2 42.Rxh5 Rxg3+ 43.Kd4 a5 44.Kxd5 Kg6 45.Rh8 Rxc3 46.h4 g4 
1/2-1/2

[Event "55th World U20 ch"]
[Site "Bhubaneswar IND"]
[Date "2016.08.14"]
[Round "7.33"]
[White "Tahay, Alexis"]
[Black "Rahul Srivatshav, P."]
[Result "0-1"]
[WhiteElo "2098"]
[BlackElo "2280"]
[EventDate "2016.08.08"]
[PlyCount "89"]

1.e4 c5 2.Nf3 e6 3.d4 cxd4 4.Nxd4 Nc6 5.Nc3 Qc7 6.g3 a6 7.Bg2 Nf6 8.O-O h5
9.Re1 Nxd4 10.Qxd4 Bc5 11.Bf4 d6 12.Qd2 Ng4 13.Nd1 a5 14.h3 Ne5 15.Be3 b6 
16.Bxc5 Qxc5 17.Qc3 h4 18.Qxc5 bxc5 19.g4 g5 20.Nc3 Rb8 21.b3 Bd7 22.Red1 
Ke7 23.Bf1 Rhc8 24.Ba6 Rc7 25.Rab1 c4 26.bxc4 Rxb1 27.Rxb1 Nxc4 28.Nd1 Na3
29.Rb8 Nxc2 30.Bb5 Bxb5 31.Rxb5 Nd4 32.Rxa5 Rc1 33.Kg2 Rxd1 34.Rxg5 Ne2 
35.Kf3 Nc3 36.Rh5 Rd3+ 37.Kg2 Nxe4 38.Rxh4 Rd2 39.Kf3 d5 40.Rh8 Rxa2 41.h4
Rxf2+ 42.Ke3 Rh2 43.Kf4 Kf6 44.h5 Rh3 45.Rg8 0-1

[Event "55th World U20 ch"]
[Site "Bhubaneswar IND"]
[Date "2016.08.14"]
[Round "7.34"]
[White "Evangelista, Paul Robert"]
[Black "Yogit, S."]
[Result "0-1"]
[WhiteElo "2020"]
[BlackElo "2270"]
[EventDate "2016.08.08"]
[PlyCount "142"]

1.e4 e5 2.Bc4 Nf6 3.d3 c6 4.Nf3 d5 5.Bb3 Bd6 6.Nc3 dxe4 7.Ng5 O-O 8.Ngxe4 
Nxe4 9.Nxe4 Bf5 10.O-O a5 11.a4 Na6 12.Be3 Bxe4 13.dxe4 Bc5 14.Qh5 Qc7 15.
Bg5 Be7 16.Be3 Nc5 17.Bxc5 Bxc5 18.Kh1 b6 19.Qf5 g6 20.Qg4 Kg7 21.g3 Rad8 
22.Rad1 Rxd1 23.Rxd1 Rd8 24.Kg2 Qe7 25.Rxd8 Qxd8 26.Qf3 Qd7 27.Qe2 b5 28.
c3 Ba7 29.axb5 cxb5 30.Bd5 a4 31.Qd3 Bc5 32.h4 h5 33.Qf1 a3 34.b4 Bb6 35.
Qa1 Qa7 36.Qa2 Kf8 37.Qe2 Kg7 38.Qxb5 Bxf2 39.Qe2 Be3 40.Ba2 Bc1 41.b5 Be3
42.Qf3 Bc5 43.Qf1 Qd7 44.Qe2 Qd6 45.Kf1 Bb6 46.Ke1 Qc5 47.Kd2 Qf2 48.Qxf2 
Bxf2 49.Kc2 f5 50.Kb3 fxe4 51.Kxa3 e3 52.Bc4 Bxg3 53.Kb3 Bxh4 54.b6 Bd8 
55.b7 Bc7 56.Kc2 Kf6 57.Kd3 Kf5 58.Kxe3 Bb6+ 59.Ke2 Ba7 60.Bf7 h4 61.c4 g5
62.c5 Kf4 63.c6 Bb8 64.Kf2 g4 65.Bc4 h3 66.Be6 g3+ 67.Ke2 g2 68.Kf2 Ba7+ 
69.Ke2 g1=Q 70.c7 Qe3+ 71.Kd1 Qd3+ 0-1

[Event "55th World U20 ch"]
[Site "Bhubaneswar IND"]
[Date "2016.08.14"]
[Round "7.35"]
[White "Salles, Louis"]
[Black "Taalaibekov, Tagir"]
[Result "0-1"]
[WhiteElo "2235"]
[BlackElo "2182"]
[EventDate "2016.08.08"]
[PlyCount "134"]

1.e4 c5 2.Nf3 e6 3.d3 d5 4.Qe2 Nf6 5.g3 Nc6 6.Bg2 g6 7.O-O Bg7 8.e5 Nd7 9.
Bf4 h6 10.h4 Nd4 11.Nxd4 cxd4 12.Re1 g5 13.hxg5 hxg5 14.Qg4 gxf4 15.Qxg7 
Rh5 16.Qg4 Rf5 17.gxf4 Nf8 18.Be4 Ng6 19.Bxf5 exf5 20.Qg5 Qa5 21.Kf1 Be6 
22.Ke2 Rc8 23.Rc1 Qb4 24.Nd2 Qxb2 25.Rab1 Qa3 26.Kd1 b6 27.Nf3 Qa4 28.Rb3 
Kd7 29.a3 Rh8 30.Kd2 Rh3 31.Ng1 Rh4 32.Rb4 Qxa3 33.Rxd4 Rg4 34.Qh5 Nxf4 
35.Qh6 Qa5+ 36.c3 Rxg1 37.Rxg1 Qa2+ 38.Kd1 Ne2 39.Rxd5+ Kc7 40.Qd2 Qxd2+ 
41.Kxd2 Nxg1 42.Rb5 Kc6 43.c4 a6 44.Rb1 Nf3+ 45.Kc3 Nxe5 46.Ra1 a5 47.Re1 
Ng6 48.d4 Bd7 49.Rb1 Ne7 50.Rb5 Nc8 51.Kd3 a4 52.Kc3 Kc7 53.Rb2 b5 54.cxb5
Kb6 55.Kb4 Bxb5 56.Rc2 Ne7 57.Rc5 Bc6 58.Re5 Nd5+ 59.Kc4 f4 60.Rf5 f6 61.
Kd3 Kb5 62.Rh5 a3 63.Kc2 Kc4 64.Rh7 Nb4+ 65.Kc1 Kb3 66.Ra7 a2 67.d5 Nxd5 
0-1

[Event "55th World U20 ch"]
[Site "Bhubaneswar IND"]
[Date "2016.08.14"]
[Round "7.36"]
[White "Palucha, Szymon"]
[Black "Skettos, Nicolas"]
[Result "1-0"]
[WhiteElo "1932"]
[BlackElo "1561"]
[EventDate "2016.08.08"]
[PlyCount "66"]

1.e4 d5 2.exd5 Qxd5 3.Nc3 Qa5 4.Bc4 c6 5.d3 Bf5 6.Bd2 e6 7.Qe2 Nd7 8.Nd5 
Qd8 9.Ne3 Bg6 10.f4 Be7 11.g4 Ngf6 12.O-O-O Nb6 13.f5 exf5 14.Nxf5 Bxf5 
15.gxf5 O-O 16.Nh3 Re8 17.Bxf7+ Kxf7 18.Ng5+ Kf8 19.Ne6+ Kg8 20.Nxd8 Raxd8
21.Qg2 Bc5 22.Bh6 Re7 23.Rhe1 Rde8 24.Qg5 Nbd5 25.d4 Bd6 26.Rxe7 Rxe7 27.
Qg2 Kh8 28.Bg5 h6 29.Bxf6 Bf4+ 30.Kb1 gxf6 31.Rg1 Bg5 32.h4 Nf4 33.Qg4 Ne2
1-0

[Event "55th World U20 ch"]
[Site "Bhubaneswar IND"]
[Date "2016.08.14"]
[Round "7.37"]
[White "Weerasinghe, C. C."]
[Black "Holleland, Sigve"]
[Result "1-0"]
[WhiteElo "1785"]
[BlackElo "2106"]
[EventDate "2016.08.08"]
[PlyCount "57"]

1.d4 Nf6 2.c4 e6 3.Nc3 Bb4 4.Qc2 O-O 5.e4 c5 6.d5 exd5 7.cxd5 Re8 8.Bg5 
Nxe4 9.Bxd8 Nxc3+ 10.Be2 Nxe2+ 11.Kf1 Nd4 12.Qc1 b6 13.g3 Rxd8 14.Qf4 Ba6+
15.Kg2 Bb7 16.a3 Bxd5+ 17.f3 Nb3 18.Rd1 Bd2 19.Rxd2 Nxd2 20.Qg5 Nc6 21.
Qxd5 Nb1 22.Nh3 Nxa3 23.bxa3 Na5 24.Re1 Rac8 25.Re7 Rf8 26.Ng5 Nc6 27.Rxf7
Rxf7 28.Qxf7+ Kh8 29.Qxd7 1-0

[Event "55th World U20 ch"]
[Site "Bhubaneswar IND"]
[Date "2016.08.14"]
[Round "7.38"]
[White "Seppala, Joni"]
[Black "Nyamdorj, Davaaochir"]
[Result "0-1"]
[WhiteElo "1765"]
[BlackElo "2015"]
[EventDate "2016.08.08"]
[PlyCount "112"]

1.d4 Nf6 2.c4 e6 3.Nf3 d5 4.Nc3 Be7 5.Bf4 O-O 6.e3 Nbd7 7.c5 c6 8.h3 b6 9.
b4 a5 10.a3 h6 11.Bd3 Ba6 12.O-O Bxd3 13.Qxd3 Qc8 14.Rfc1 Qb7 15.Bg3 Rfc8 
16.e4 axb4 17.axb4 bxc5 18.bxc5 Qb3 19.Nd2 Qb7 20.Rab1 Qa6 21.Qc2 Nh5 22.
Bh2 Bg5 23.Rb2 Qa5 24.Rcb1 Nf4 25.Nf3 Rcb8 26.h4 Rxb2 27.Rxb2 Qa1+ 28.Qb1 
Nd3 29.Rb3 Nc1 30.Rb2 Bf6 31.Bd6 dxe4 32.Nxe4 Bd8 33.Kh2 f5 34.Ned2 Nf6 
35.Qxa1 Ng4+ 36.Kh3 Rxa1 37.Rb8 Ne2 38.Rxd8+ Kh7 39.g3 Nxf2+ 40.Kg2 Ng4 
41.Be5 Nc3 42.Bf4 Ne4 43.Re8 e5 44.Nxe4 exf4 45.Ned2 Ne3+ 46.Kf2 Ng4+ 47.
Kg2 Ne3+ 48.Kh2 Ng4+ 49.Kh3 Nf6 50.Rc8 Ra3 51.gxf4 Ne4 52.Nxe4 fxe4 53.Kg4
h5+ 54.Kxh5 exf3 55.Rb8 f2 56.Rb1 Rg3 0-1

[Event "55th World U20 ch"]
[Site "Bhubaneswar IND"]
[Date "2016.08.14"]
[Round "7.39"]
[White "Avik, Sarker"]
[Black "Hsu Chuan Chia"]
[Result "1/2-1/2"]
[WhiteElo "2000"]
[BlackElo "1777"]
[EventDate "2016.08.08"]
[PlyCount "115"]

1.e4 g6 2.d4 Bg7 3.Nc3 c6 4.f4 d5 5.e5 Nh6 6.Nf3 f6 7.Be3 Bg4 8.Be2 O-O 9.
Qd2 b5 10.h3 Bxf3 11.Bxf3 Nf5 12.Bf2 fxe5 13.fxe5 e6 14.O-O Nd7 15.Nd1 c5 
16.c3 Nb6 17.b3 b4 18.cxb4 cxd4 19.Bxd4 Nxd4 20.Qxd4 Nd7 21.Qg4 Qe7 22.Rc1
Nxe5 23.Qg3 Nxf3+ 24.Rxf3 Rxf3 25.Qxf3 Qxb4 26.Qe2 Qb6+ 27.Kh1 Rf8 28.b4 
e5 29.Ne3 d4 30.Nd5 Qd8 31.Qe4 Rf7 32.b5 Rd7 33.Nb4 Qg5 34.Rc8+ Bf8 35.Nc6
Qc1+ 36.Kh2 Qf4+ 37.Qxf4 exf4 38.Ne5 Rd5 39.Ng4 Kf7 40.Rc7+ Ke6 41.Rxa7 d3
42.Ra6+ Rd6 43.Nf2 d2 44.b6 Rd8 45.Nd1 Bd6 46.a4 Rb8 47.Kg1 Bc5+ 48.Kf1 
Rxb6 49.Rxb6+ Bxb6 50.Ke2 Ba5 51.Nb2 Kd5 52.Nd3 g5 53.h4 h6 54.hxg5 hxg5 
55.Nf2 Kd4 56.Nh3 Kc3 57.Kd1 Bd8 58.Nf2 1/2-1/2

[Event "55th World U20 ch"]
[Site "Bhubaneswar IND"]
[Date "2016.08.15"]
[Round "8.1"]
[White "Nasuta, Grzegorz"]
[Black "Xu Yinglun"]
[Result "1/2-1/2"]
[WhiteElo "2442"]
[BlackElo "2516"]
[EventDate "2016.08.08"]
[PlyCount "77"]

1.e4 c5 2.Nf3 d6 3.d4 cxd4 4.Nxd4 Nf6 5.Nc3 a6 6.Bg5 Nbd7 7.Qe2 h6 8.Bh4 
g6 9.f4 e5 10.fxe5 dxe5 11.O-O-O Qc7 12.Nb3 b5 13.Nd5 Nxd5 14.exd5 Bd6 15.
Qd2 g5 16.Bf2 Nf6 17.Bd3 Bb7 18.Rhf1 Nxd5 19.Be4 Bb4 20.Qe2 Nf4 21.Qe3 Rc8
22.c3 Bxe4 23.Qxe4 Be7 24.g3 Ng6 25.Qf5 O-O 26.h4 Rfd8 27.Rxd8+ Rxd8 28.h5
Nf8 29.Bc5 Bd6 30.Bb6 Qxb6 31.Qxf7+ Kh8 32.Qf6+ Kg8 33.Qf7+ Kh8 34.Qf6+ 
Kg8 35.Nd4 exd4 36.Qf7+ Kh8 37.Qf6+ Kg8 38.Qf7+ Kh8 39.Qf6+ 1/2-1/2

[Event "55th World U20 ch"]
[Site "Bhubaneswar IND"]
[Date "2016.08.15"]
[Round "8.2"]
[White "Xiong, Jeffery"]
[Black "Aravindh, Chithambaram"]
[Result "1-0"]
[WhiteElo "2633"]
[BlackElo "2543"]
[EventDate "2016.08.08"]
[PlyCount "85"]

1.e4 c5 2.Nf3 Nc6 3.Bb5 g6 4.Bxc6 dxc6 5.d3 Bg7 6.h3 b6 7.Nc3 Nf6 8.Be3 
O-O 9.Qd2 Re8 10.Nh2 e5 11.O-O-O a5 12.Na4 Be6 13.Kb1 Nd7 14.Ng4 Qe7 15.
Nh6+ Kh8 16.h4 b5 17.Nc3 f6 18.h5 Bxh6 19.Bxh6 g5 20.Rdf1 Qf7 21.g3 b4 22.
Na4 Bxa2+ 23.Ka1 c4 24.f4 exf4 25.gxf4 cxd3 26.fxg5 dxc2 27.gxf6 Bb1 28.
Bg7+ Kg8 29.b3 Nc5 30.Nxc5 a4 31.Kb2 axb3 32.Nxb3 c1=Q+ 33.Nxc1 Bxe4 34.
Rhg1 Ra5 35.Rg5 c5 36.Rfg1 c4 37.Qxb4 c3+ 38.Qxc3 Rb8+ 39.Nb3 Rxg5 40.Rxg5
Bd5 41.Bh6+ Kh8 42.Rxd5 Rxb3+ 43.Qxb3 1-0

[Event "55th World U20 ch"]
[Site "Bhubaneswar IND"]
[Date "2016.08.15"]
[Round "8.3"]
[White "Maghsoodloo, Parham"]
[Black "Narayanan, Sunilduth Lyna"]
[Result "1-0"]
[WhiteElo "2576"]
[BlackElo "2515"]
[EventDate "2016.08.08"]
[PlyCount "123"]

1.c3 Nf6 2.g3 d5 3.Nf3 g6 4.d3 Bg7 5.Bg2 O-O 6.O-O c5 7.Nbd2 Nc6 8.e4 dxe4
9.dxe4 Be6 10.h3 h6 11.Qe2 Qb6 12.Re1 Rfd8 13.Nc4 Qa6 14.Bf1 Nd7 15.Be3 
Rac8 16.Rec1 Nb6 17.Ncd2 Qxe2 18.Bxe2 Na5 19.b3 Bxh3 20.Rab1 Bg4 21.Kf1 
Bh3+ 22.Ke1 Be6 23.Nh4 g5 24.Nf5 Bxf5 25.exf5 Nd5 26.Ne4 Nxe3 27.fxe3 b6 
28.b4 Nb7 29.Ba6 Rc7 30.Bxb7 Rxb7 31.bxc5 Rc7 32.Rd1 Rdc8 33.g4 bxc5 34.c4
e6 35.fxe6 fxe6 36.a4 Bf8 37.a5 Be7 38.Ke2 Kf7 39.Rf1+ Kg7 40.a6 Re8 41.
Rfd1 Kf7 42.Rd3 Ra8 43.Rdb3 Ke8 44.Rb7 Rac8 45.Nc3 Bd8 46.Rxc7 Rxc7 47.Rb8
Ke7 48.Kf3 Rd7 49.Ke4 Bb6 50.Rh8 Rd2 51.Rxh6 Rb2 52.Nb5 Ra2 53.Ke5 Rxa6 
54.Rh7+ Kf8 55.Kxe6 Bd8+ 56.Nd6 Kg8 57.Rd7 Ba5 58.e4 Bc3 59.e5 Bd4 60.Kf5 
Ra2 61.Kg6 Rf2 62.Nf5 1-0

[Event "55th World U20 ch"]
[Site "Bhubaneswar IND"]
[Date "2016.08.15"]
[Round "8.4"]
[White "Svane, Rasmus"]
[Black "Menezes, Christoph"]
[Result "1/2-1/2"]
[WhiteElo "2546"]
[BlackElo "2408"]
[EventDate "2016.08.08"]
[PlyCount "62"]

1.Nf3 c5 2.c4 Nc6 3.d4 cxd4 4.Nxd4 Nf6 5.Nc3 e6 6.g3 Qb6 7.Ndb5 Ne5 8.Bg2 
a6 9.Qa4 Rb8 10.Na3 Bxa3 11.Qxa3 Nxc4 12.Qb3 Qc7 13.O-O b5 14.Rd1 d6 15.
Bg5 Ng4 16.Ne4 O-O 17.h3 Nge5 18.Qc3 d5 19.Nd2 f6 20.Bf4 g5 21.Be3 Bb7 22.
b3 Qa5 23.Qxa5 Nxa5 24.a4 bxa4 25.Rxa4 Nac6 26.f4 gxf4 27.gxf4 Nf7 28.f5 
Ncd8 29.fxe6 Nxe6 30.Kf2 Ne5 31.Nf3 Ng6 1/2-1/2

[Event "55th World U20 ch"]
[Site "Bhubaneswar IND"]
[Date "2016.08.15"]
[Round "8.5"]
[White "Mosadeghpour, Masoud"]
[Black "Karthikeyan, Murali"]
[Result "0-1"]
[WhiteElo "2437"]
[BlackElo "2514"]
[EventDate "2016.08.08"]
[PlyCount "64"]

1.e4 g6 2.d4 Bg7 3.Nc3 d6 4.f4 Nf6 5.Nf3 c5 6.dxc5 Qa5 7.Qe2 Qxc5 8.Be3 
Qa5 9.O-O-O O-O 10.e5 Nfd7 11.Rd5 Qd8 12.exd6 Nc6 13.dxe7 Nxe7 14.Rd1 Nf5 
15.Bf2 Bxc3 16.bxc3 Qa5 17.g4 Nh6 18.h3 Qa3+ 19.Kd2 Nf6 20.Qe5 Bxg4 21.
Qxf6 Rad8+ 22.Bd4 Rxd4+ 23.Nxd4 Bxd1 24.Bd3 Bh5 25.Qg5 Rc8 26.Nb5 Qf8 27.
Re1 Rc5 28.Qf6 Nf5 29.Nxa7 Qb8 30.Re4 Bf3 31.Ra4 Qe8 32.Bxf5 Rxf5 0-1

[Event "55th World U20 ch"]
[Site "Bhubaneswar IND"]
[Date "2016.08.15"]
[Round "8.6"]
[White "Mousavi, Seyed Khalil"]
[Black "Artemiev, Vladislav"]
[Result "0-1"]
[WhiteElo "2422"]
[BlackElo "2665"]
[EventDate "2016.08.08"]
[PlyCount "66"]

1.c4 e5 2.Nc3 Bb4 3.Nd5 Bc5 4.Nf3 c6 5.Nc3 d6 6.g3 Nf6 7.d4 exd4 8.Nxd4 d5
9.cxd5 Nxd5 10.Nb3 Bb4 11.Bd2 Nxc3 12.Bxc3 Bxc3+ 13.bxc3 a5 14.Bg2 Qxd1+ 
15.Rxd1 a4 16.Nc5 Ra5 17.Nd3 Kd8 18.c4 Kc7 19.Kd2 a3 20.Kc3 Na6 21.e4 Ra4 
22.Bf1 Bg4 23.Re1 Re8 24.e5 b5 25.cxb5 cxb5 26.Nf4 Kb6 27.Bd3 Nb4 28.Bb1 
Rc8+ 29.Kd2 Rd8+ 30.Ke3 Nd5+ 31.Kd2 g5 32.Nd3 Rd4 33.f3 Bf5 0-1

[Event "55th World U20 ch"]
[Site "Bhubaneswar IND"]
[Date "2016.08.15"]
[Round "8.7"]
[White "Ivekovic, Bozidar"]
[Black "Alexeenko, Kiril"]
[Result "1-0"]
[WhiteElo "2351"]
[BlackElo "2582"]
[EventDate "2016.08.08"]
[PlyCount "83"]

1.b3 d5 2.Bb2 Bf5 3.Nf3 e6 4.e3 Nf6 5.Be2 h6 6.O-O Be7 7.c4 O-O 8.d3 a5 9.
Nc3 c6 10.d4 Ne4 11.Nxe4 Bxe4 12.Bd3 f5 13.Ne5 Bxd3 14.Qxd3 Bd6 15.a4 Nd7 
16.Nxd7 Qxd7 17.Ba3 Bxa3 18.Rxa3 f4 19.f3 Rad8 20.c5 e5 21.dxe5 Qe7 22.Qd4
b6 23.Rc1 bxc5 24.Rxc5 fxe3 25.Ra2 Rf5 26.Re2 Rxe5 27.Rxc6 Re8 28.f4 Re6 
29.Rc5 Kh8 30.g3 Re4 31.Qxd5 Rd8 32.Qc6 Re6 33.Qc7 Qf6 34.Re5 Rc6 35.Qe7 
Rc1+ 36.Kg2 Qc6+ 37.Kh3 Rc8 38.R5xe3 Qd5 39.Qe5 Qh1 40.Qf5 Qc6 41.Re6 Qd7 
42.Rxh6+ 1-0

[Event "55th World U20 ch"]
[Site "Bhubaneswar IND"]
[Date "2016.08.15"]
[Round "8.8"]
[White "Xu Yi"]
[Black "Gagare, Shardul"]
[Result "1/2-1/2"]
[WhiteElo "2371"]
[BlackElo "2486"]
[EventDate "2016.08.08"]
[PlyCount "63"]

1.e4 e6 2.d4 d5 3.Nd2 c5 4.exd5 Qxd5 5.Ngf3 cxd4 6.Bc4 Qd6 7.O-O Nf6 8.Nb3
Nc6 9.Nbxd4 Nxd4 10.Nxd4 a6 11.Re1 Qc7 12.Bf1 Be7 13.Qf3 O-O 14.Bf4 Bd6 
15.Bxd6 Qxd6 16.Rad1 Qc7 17.Qg3 Qxg3 18.hxg3 Bd7 19.Nf3 Rfd8 20.Ne5 Ba4 
21.b3 Be8 22.Be2 Rac8 23.c4 a5 24.Bf3 b6 25.a3 Kf8 26.b4 Rxd1 27.Rxd1 axb4
28.axb4 Ke7 29.Kf1 Rc7 30.Ke1 Ng8 31.b5 Rc5 32.Nc6+ 1/2-1/2

[Event "55th World U20 ch"]
[Site "Bhubaneswar IND"]
[Date "2016.08.15"]
[Round "8.9"]
[White "Beukema, Stefan"]
[Black "Praggnanandhaa, R."]
[Result "1-0"]
[WhiteElo "2380"]
[BlackElo "2429"]
[EventDate "2016.08.08"]
[PlyCount "85"]

1.e4 e5 2.Nf3 Nc6 3.Bc4 Nf6 4.d3 Bc5 5.c3 a6 6.O-O Ba7 7.a4 d6 8.Na3 h6 9.
Nc2 O-O 10.Be3 Ne7 11.Bxa7 Rxa7 12.Ne3 Ng6 13.Re1 Nh7 14.g3 Bh3 15.Kh1 Nf6
16.Qe2 c6 17.Ba2 d5 18.exd5 cxd5 19.d4 e4 20.Ne5 Ne7 21.g4 Nh7 22.Rg1 Ng5 
23.f4 Ne6 24.f5 Ng5 25.Qf2 Qd6 26.Qg3 Rd8 27.Nd1 h5 28.Qh4 hxg4 29.Qxg5 f6
30.Qf4 fxe5 31.dxe5 Qh6 32.Qxh6 gxh6 33.Ne3 Kf8 34.f6 Ng6 35.e6 Rd6 36.e7+
Ke8 37.Nxd5 b6 38.Rae1 Ne5 39.Rxe4 Nf7 40.Nc7+ Rxc7 41.Bxf7+ Kxf7 42.e8=Q+
Kxf6 43.Qe5+ 1-0

[Event "55th World U20 ch"]
[Site "Bhubaneswar IND"]
[Date "2016.08.15"]
[Round "8.10"]
[White "Rajdeep, Sarkar"]
[Black "Wagner, Dennis"]
[Result "1/2-1/2"]
[WhiteElo "2351"]
[BlackElo "2572"]
[EventDate "2016.08.08"]
[PlyCount "93"]

1.d4 Nf6 2.Nf3 b6 3.g3 Bb7 4.Bg2 g6 5.O-O Bg7 6.c4 O-O 7.Nc3 Ne4 8.Nxe4 
Bxe4 9.b3 e6 10.Bb2 d6 11.Qd2 Qe7 12.Rfd1 f5 13.Ne1 Nd7 14.Nd3 Nf6 15.Nf4 
g5 16.Nd3 h6 17.f3 Bb7 18.Re1 c5 19.dxc5 bxc5 20.e4 fxe4 21.fxe4 Rad8 22.
e5 dxe5 23.Bxb7 Qxb7 24.Qe2 e4 25.Nf2 Rf7 26.Rad1 Rdf8 27.Ba1 a5 28.Bxf6 
Bxf6 29.Nxe4 Bd4+ 30.Rxd4 cxd4 31.Nd6 d3 32.Qxe6 Qb6+ 33.Kg2 d2 34.Rd1 
Qf2+ 35.Kh3 g4+ 36.Qxg4+ Rg7 37.Qe6+ Kh8 38.Ne4 Qf3 39.Rxd2 Qh5+ 40.Kg2 
Qf3+ 41.Kh3 Qf1+ 42.Kh4 Rf4+ 43.gxf4 Qxf4+ 44.Kh3 Qf1+ 45.Kh4 Qf4+ 46.Kh3 
Qe3+ 47.Kh4 1/2-1/2

[Event "55th World U20 ch"]
[Site "Bhubaneswar IND"]
[Date "2016.08.15"]
[Round "8.11"]
[White "Henriquez Villagra, Cristobal"]
[Black "Belous, Mikhail"]
[Result "1-0"]
[WhiteElo "2520"]
[BlackElo "2343"]
[EventDate "2016.08.08"]
[PlyCount "81"]

1.d4 Nf6 2.c4 g6 3.g3 Bg7 4.Bg2 O-O 5.Nc3 d6 6.Nf3 Nc6 7.d5 Na5 8.Nd2 c5 
9.O-O a6 10.Qc2 Rb8 11.a4 e6 12.b3 exd5 13.cxd5 Ng4 14.h3 Ne5 15.Bb2 f5 
16.f4 Nd7 17.e4 c4 18.bxc4 fxe4 19.Bxe4 Nb6 20.Nd1 Bxh3 21.Bxg7 Kxg7 22.
Re1 Qf6 23.Rb1 Bd7 24.Rxb6 Qd4+ 25.Kg2 Qxb6 26.Qc3+ Kf7 27.Nf3 Rbe8 28.
Ng5+ Kg8 29.Rh1 Re7 30.Bxg6 Bf5 31.Bxf5 Rxf5 32.Re1 Rxe1 33.Qxe1 Rxg5 34.
Qe8+ Kg7 35.Qe7+ Kh8 36.fxg5 Kg8 37.Nf2 Nxc4 38.Ng4 Ne3+ 39.Nxe3 Qb2+ 40.
Kh3 Qb1 41.Qe6+ 1-0

[Event "55th World U20 ch"]
[Site "Bhubaneswar IND"]
[Date "2016.08.15"]
[Round "8.12"]
[White "Gheorghiu, Calin"]
[Black "Lorparizangeneh, Shahin"]
[Result "0-1"]
[WhiteElo "2343"]
[BlackElo "2478"]
[EventDate "2016.08.08"]
[PlyCount "64"]

1.d4 Nf6 2.c4 e6 3.Nc3 Bb4 4.f3 c5 5.d5 O-O 6.e4 d6 7.Ne2 a6 8.Ng3 b5 9.
Bd2 Nbd7 10.dxe6 fxe6 11.cxb5 d5 12.Be2 c4 13.exd5 exd5 14.O-O axb5 15.Kh1
Qb6 16.a4 Nc5 17.Be3 Bxc3 18.bxc3 bxa4 19.Nh5 Qc6 20.Nxf6+ Rxf6 21.Bxc5 
Qxc5 22.Rxa4 Rxa4 23.Qxa4 Qe3 24.Bd1 Rf8 25.Qc6 Be6 26.Qa6 Bf7 27.Qa5 Qd2 
28.Qa1 Re8 29.Ba4 Ra8 30.f4 Qe3 31.f5 Qa7 32.Rb1 Be8 0-1

[Event "55th World U20 ch"]
[Site "Bhubaneswar IND"]
[Date "2016.08.15"]
[Round "8.13"]
[White "Tran Tuan Minh"]
[Black "Grandadam, Patrik"]
[Result "1/2-1/2"]
[WhiteElo "2473"]
[BlackElo "2325"]
[EventDate "2016.08.08"]
[PlyCount "99"]

1.Nf3 d5 2.c4 e6 3.g3 dxc4 4.Qa4+ Nd7 5.Bg2 Nf6 6.O-O c5 7.Qxc4 b6 8.b3 
Bb7 9.Bb2 Rc8 10.Qc2 Be7 11.Nc3 O-O 12.Rac1 Qc7 13.Rfd1 Rfd8 14.Qb1 Qb8 
15.Qa1 Qa8 16.Nb1 Nb8 17.d3 Nc6 18.Nbd2 Ne8 19.Ne4 Nb4 20.a3 Nc6 21.Re1 
Na5 22.Ned2 Nc6 23.Bc3 Bf6 24.Qb2 Bxc3 25.Rxc3 a5 26.Nc4 Qa7 27.Rec1 Nc7 
28.Nce5 Nxe5 29.Nxe5 Bxg2 30.Kxg2 Qb7+ 31.Kg1 f6 32.Ng4 Nd5 33.Rc4 e5 34.
Ne3 Nxe3 35.fxe3 Qd7 36.Qc2 Ra8 37.Qd1 h6 38.Qf1 Ra7 39.Qf3 Qd5 40.Qh5 Qf7
41.Qh4 Re8 42.Qe4 f5 43.Qc6 Re6 44.Qb5 Qh5 45.R4c2 Qg5 46.b4 Qxe3+ 47.Kg2 
Rf7 48.Qc4 Ref6 49.bxc5 f4 50.Qe4 1/2-1/2

[Event "55th World U20 ch"]
[Site "Bhubaneswar IND"]
[Date "2016.08.15"]
[Round "8.15"]
[White "Arjun, Kalyan"]
[Black "Basso, Pierluigi"]
[Result "1-0"]
[WhiteElo "2292"]
[BlackElo "2455"]
[EventDate "2016.08.08"]
[PlyCount "107"]

1.e4 c6 2.d4 d5 3.Nc3 dxe4 4.Nxe4 Bf5 5.Ng3 Bg6 6.h4 h6 7.Nf3 Nd7 8.h5 Bh7
9.Bd3 Bxd3 10.Qxd3 e6 11.Bd2 Ngf6 12.O-O-O Be7 13.Kb1 O-O 14.Ne4 Nxe4 15.
Qxe4 Nf6 16.Qe2 Qd5 17.Ne5 Qe4 18.Qxe4 Nxe4 19.Be3 Rfd8 20.f3 Ng3 21.Rh3 
Nf5 22.f4 c5 23.c3 cxd4 24.Bxd4 Nxd4 25.Rxd4 Bc5 26.Rxd8+ Rxd8 27.Kc2 Kf8 
28.b4 Bd6 29.Nd3 Ke7 30.c4 Rg8 31.c5 Bc7 32.Kc3 g6 33.hxg6 Rxg6 34.g3 Kf6 
35.Kc4 Kf5 36.Nf2 Rg8 37.b5 Ba5 38.Rh5+ Kg6 39.Re5 Bc7 40.Re3 Rd8 41.Ra3 
Bb8 42.c6 bxc6 43.bxc6 Bc7 44.Rxa7 Bb6 45.Rd7 Rxd7 46.cxd7 Kf6 47.Kb5 Bd8 
48.Ne4+ Ke7 49.Kc6 f6 50.Nc5 e5 51.fxe5 fxe5 52.Nb7 h5 53.a4 e4 54.Nd6 1-0

[Event "55th World U20 ch"]
[Site "Bhubaneswar IND"]
[Date "2016.08.15"]
[Round "8.16"]
[White "Ivic, Velimir"]
[Black "Beradze, Irakli"]
[Result "0-1"]
[WhiteElo "2270"]
[BlackElo "2440"]
[EventDate "2016.08.08"]
[PlyCount "58"]

1.e4 e5 2.Nf3 Nc6 3.Bb5 a6 4.Ba4 Nf6 5.O-O b5 6.Bb3 Be7 7.Re1 O-O 8.c3 d6 
9.h3 Bb7 10.d4 Re8 11.Nbd2 Bf8 12.a3 h6 13.Bc2 Nb8 14.b4 Nbd7 15.Bb2 Qb8 
16.c4 bxc4 17.Nxc4 exd4 18.Qxd4 c5 19.bxc5 Nxc5 20.e5 dxe5 21.Nfxe5 Qd8 
22.Qf4 Qc7 23.Re3 Re6 24.Rd1 Rae8 25.Rg3 Be4 26.Bxe4 Ncxe4 27.Rd7 Nxg3 28.
fxg3 Nxd7 29.Qxf7+ Kh8 0-1

[Event "55th World U20 ch"]
[Site "Bhubaneswar IND"]
[Date "2016.08.15"]
[Round "8.17"]
[White "Visakh, N. R."]
[Black "Harsha, Bharathakoti"]
[Result "1/2-1/2"]
[WhiteElo "2431"]
[BlackElo "2344"]
[EventDate "2016.08.08"]
[PlyCount "83"]

1.e4 c5 2.Nf3 e6 3.d4 cxd4 4.Nxd4 a6 5.Nc3 Qc7 6.Be3 Nc6 7.Qd2 Nf6 8.f3 
Be7 9.O-O-O b5 10.Kb1 Bb7 11.g4 Nxd4 12.Bxd4 e5 13.Be3 d5 14.g5 d4 15.gxf6
Bxf6 16.Nd5 Bxd5 17.exd5 dxe3 18.Qxe3 Qd6 19.Bd3 O-O 20.h4 g6 21.h5 Bg7 
22.c3 Rac8 23.Rd2 Rc5 24.Be4 Rb8 25.hxg6 hxg6 26.Rdh2 b4 27.cxb4 Rxb4 28.
Rh7 Rc8 29.Qd2 Rcb8 30.b3 a5 31.Rxg7+ Kxg7 32.Qh6+ Kf6 33.Qh4+ Kg7 34.Qh6+
Kf6 35.Rg1 Ke7 36.Qh4+ Kf8 37.Qh8+ Ke7 38.Qh4+ Kf8 39.Qh6+ Ke7 40.Qg5+ Kf8
41.Qh6+ Ke7 42.Qh4+ 1/2-1/2

[Event "55th World U20 ch"]
[Site "Bhubaneswar IND"]
[Date "2016.08.15"]
[Round "8.18"]
[White "Fan Huifeng"]
[Black "Bersamina, Paulo"]
[Result "1/2-1/2"]
[WhiteElo "2223"]
[BlackElo "2402"]
[EventDate "2016.08.08"]
[PlyCount "101"]

1.e4 c5 2.Nf3 Nc6 3.d4 cxd4 4.Nxd4 e5 5.Nb5 d6 6.N1c3 a6 7.Na3 Be6 8.Nc4 
b5 9.Ne3 Nf6 10.g3 h5 11.Bg2 h4 12.O-O Be7 13.a4 b4 14.Ncd5 a5 15.Nf5 Bxf5
16.exf5 Rc8 17.c4 Nd4 18.Be3 Nxd5 19.Bxd5 hxg3 20.fxg3 Qb6 21.f6 Bxf6 22.
Qg4 Kd8 23.Rad1 Kc7 24.Bxf7 Kb8 25.Bd5 Rc5 26.Rd3 Rhc8 27.h4 Qa6 28.Qe4 
Rh8 29.b3 Ne2+ 30.Kg2 Nc3 31.Rxc3 bxc3 32.Bxc5 dxc5 33.Qe3 e4 34.Qxc5 Re8 
35.b4 Rc8 36.Qe3 axb4 37.Rb1 Qa5 38.Qxe4 c2 39.Qf4+ Ka7 40.Rc1 b3 41.Qe3+ 
Qb6 42.Qxb6+ Kxb6 43.c5+ Rxc5 44.Bxb3 Rc3 45.Bf7 Be5 46.h5 Rxg3+ 47.Kf2 
Rh3 48.Bg6 Rh2+ 49.Kf3 Ka5 50.Rxc2 Rxc2 51.Bxc2 1/2-1/2